000 00308nam a2200133Ia 4500
005 20251222175933.0
008 251222s9999||||xx |||||||||||||| ||spa||
082 _a868/P21
100 _aPalomero, Josep
245 0 _aLos Secretos de Meissen
250 _a1ra.ed.
264 _bPlaza & Janés
942 _cLIB
999 _c41088
_d41088